| 000 | 01285nam a2200253Ia 4500 | ||
|---|---|---|---|
| 999 |
_c34801 _d34801 |
||
| 001 | 611 | ||
| 003 | GE_BSU | ||
| 005 | 20211201170547.0 | ||
| 008 | 181216s1982||||ge |||||||||||||| ||geo|| | ||
| 040 | _cGE_BSU | ||
| 041 | _ageo | ||
| 080 | _a811.353.1-86 ი-507 | ||
| 100 |
_aიმნაიშვილი, ი. _913136 |
||
| 245 |
_aქართული ენის ისტორიული ქრესტომათია : _bტ.1 ნაწ. II ლექსიკონით, ენის მიმოხილვით და ტაბულებით / _cი. იმნაიშვილი : რედ. ა. შანიძე. |
||
| 264 |
_aთბილისი : _bთბილისის უნ-ტის, _c1982. |
||
| 300 |
_a383 გვ. ; _c22 სმ. |
||
| 541 | _h12ლ. | ||
| 546 | _aპარალელური სათაური რუსულ ენაზე | ||
| 653 | _aლექსიკონით, ენის მიმოხილვით და ტაბულებით | ||
| 653 | _aქართული ენა | ||
| 653 | _aქართული ენის ისტორიული ქრესტომათია | ||
| 700 |
_aშანიძე, ა. _eრედაქტორი _913137 |
||
| 942 |
_cBK _2udc |
||